<?xml version='1.0' encoding='UTF-8'?>
  <record xmlns="http://www.loc.gov/MARC21/slim">
    <leader>00000cam a2200000 i 4500</leader>
    <controlfield tag="001">ocn700747478</controlfield>
    <controlfield tag="003">OCoLC</controlfield>
    <controlfield tag="005">20251110104847.4</controlfield>
    <controlfield tag="008">110205s1578    gw            000 0 ger d</controlfield>
    <datafield tag="040" ind1=" " ind2=" ">
      <subfield code="a">NLGGC</subfield>
      <subfield code="b">eng</subfield>
      <subfield code="e">rda</subfield>
      <subfield code="e">dcrmr</subfield>
      <subfield code="c">NLGGC</subfield>
      <subfield code="d">QGJ</subfield>
      <subfield code="d">OCLCL</subfield>
      <subfield code="d">OCLCQ</subfield>
      <subfield code="d">OCLCL</subfield>
      <subfield code="d">QGJ</subfield>
    </datafield>
    <datafield tag="029" ind1="0" ind2=" ">
      <subfield code="a">NLGGC</subfield>
      <subfield code="b">331733730</subfield>
    </datafield>
    <datafield tag="035" ind1=" " ind2=" ">
      <subfield code="a">(OCoLC)700747478</subfield>
    </datafield>
    <datafield tag="100" ind1="1" ind2=" ">
      <subfield code="a">Sarcerius, Erasmus,</subfield>
      <subfield code="d">1501-1559,</subfield>
      <subfield code="e">author.</subfield>
      <subfield code="4">aut</subfield>
      <subfield code="1">https://id.oclc.org/worldcat/entity/E39PBJwhvDcm9jX6qbGRwtt3Qq</subfield>
    </datafield>
    <datafield tag="245" ind1="1" ind2="0">
      <subfield code="a">Haussbuch, Des Weitberumbten Hochgelehrten Herrn, in heiliger Schrifft, Erasmi Sarcerij, darein die reine vnuerfelschte Christliche lehr dess Euangelij, vnd dargegen der Papisten lehr vnd glauben, kürtzlich verfasset, &amp;c. sampt beiderseits auss Gottes wort vnd der Vätter sprüchen beweiss vnd gründen, auch auss denselben der falschen lehr vnd jrrthumen widerlegung, zu diesem ende gereichendt, dass mennigsich sehe vnd spüre, welches die rechte Vhralte allejn seligmachende lehr, der man folgen sol, auch welche falsch, neuw vnd jrrig sey, darfür man sich mit grössen fleiss vnd ernst zuuorhüten vnd zuuerwaren hat. /</subfield>
      <subfield code="c">Jetzundt menniglich zu sonderm Nutz vnd frommen mit fleiss, durchsehen, vnd in ein richtigere ordnung gebracht, Allen frommen Christen vnd Haussvättern in den gefehrlichen zeiten zu gutem, in Truck geben.</subfield>
    </datafield>
    <datafield tag="264" ind1=" " ind2="1">
      <subfield code="a">Getruckt zu Franckfurt am Mayn, :</subfield>
      <subfield code="b">durch Johannem Schmidt, in verlegung Sigmund Feyerabends,</subfield>
      <subfield code="c">M.D.LXXVIII. [1578]</subfield>
    </datafield>
    <datafield tag="300" ind1=" " ind2=" ">
      <subfield code="a">[6], 302, [3] leaves :</subfield>
      <subfield code="b">coat of arms ;</subfield>
      <subfield code="c">32 cm (folio)</subfield>
    </datafield>
    <datafield tag="336" ind1=" " ind2=" ">
      <subfield code="a">text</subfield>
      <subfield code="b">txt</subfield>
      <subfield code="2">rdacontent</subfield>
    </datafield>
    <datafield tag="337" ind1=" " ind2=" ">
      <subfield code="a">unmediated</subfield>
      <subfield code="b">n</subfield>
      <subfield code="2">rdamedia</subfield>
    </datafield>
    <datafield tag="338" ind1=" " ind2=" ">
      <subfield code="a">volume</subfield>
      <subfield code="b">nc</subfield>
      <subfield code="2">rdacarrier</subfield>
    </datafield>
    <datafield tag="340" ind1=" " ind2=" ">
      <subfield code="m">folio</subfield>
      <subfield code="2">rdabf</subfield>
    </datafield>
    <datafield tag="500" ind1=" " ind2=" ">
      <subfield code="a">Printers' names from colophon, which reads: Getruckt zu Franckfurt am Mayn, durch Johannem Schmidt, in verlegung Sigmund Feyerabends. M.D.LXXVIII.</subfield>
    </datafield>
    <datafield tag="500" ind1=" " ind2=" ">
      <subfield code="a">Imprint: Getruckt zu Franckfurt am Mayn, M.D.LXXVIII.</subfield>
    </datafield>
    <datafield tag="500" ind1=" " ind2=" ">
      <subfield code="a">Printer's device on title page and last page at end with printer's motto: Si cupis ut celebri stet tua fama loco pervigiles habeas oculos animumque sagace[m].</subfield>
    </datafield>
    <datafield tag="500" ind1=" " ind2=" ">
      <subfield code="a">Title page in red and black.</subfield>
    </datafield>
    <datafield tag="500" ind1=" " ind2=" ">
      <subfield code="a">Signatures: )(⁶ A-B⁶ a-z⁶ AA-EE⁶; )(6 and EE6 are blank; Y3 missigned X3.</subfield>
    </datafield>
    <datafield tag="500" ind1=" " ind2=" ">
      <subfield code="a">With woodcut initials.</subfield>
    </datafield>
    <datafield tag="500" ind1=" " ind2=" ">
      <subfield code="a">Foliation errors: leaf 129 misnumbered 126, leaf 219 misnumbered 216, leaf 242 misnumbered 232, leaf 260 misnumbered 250.</subfield>
    </datafield>
    <datafield tag="510" ind1="4" ind2=" ">
      <subfield code="a">Verzeichnis der im deutschen Sprachbereich erschienenen Drucke des 16. Jahrhunderts (VD 16),</subfield>
      <subfield code="c">S 1710</subfield>
      <subfield code="u">https://gateway-bayern.de/VD16+S+1710</subfield>
    </datafield>
    <datafield tag="610" ind1="2" ind2="0">
      <subfield code="a">Catholic Church</subfield>
      <subfield code="x">Doctrines</subfield>
      <subfield code="x">Protestant works.</subfield>
    </datafield>
    <datafield tag="650" ind1=" " ind2="0">
      <subfield code="a">Lutheran Church</subfield>
      <subfield code="x">Controversial literature.</subfield>
    </datafield>
    <datafield tag="650" ind1=" " ind2="0">
      <subfield code="a">Theology, Doctrinal.</subfield>
    </datafield>
    <datafield tag="650" ind1=" " ind2="6">
      <subfield code="a">Église luthérienne</subfield>
      <subfield code="x">Ouvrages de controverse.</subfield>
    </datafield>
    <datafield tag="650" ind1=" " ind2="6">
      <subfield code="a">Théologie dogmatique.</subfield>
    </datafield>
    <datafield tag="610" ind1="2" ind2="7">
      <subfield code="a">Catholic Church</subfield>
      <subfield code="2">fast</subfield>
    </datafield>
    <datafield tag="650" ind1=" " ind2="7">
      <subfield code="a">Lutheran Church</subfield>
      <subfield code="2">fast</subfield>
    </datafield>
    <datafield tag="650" ind1=" " ind2="7">
      <subfield code="a">Theology, Doctrinal</subfield>
      <subfield code="2">fast</subfield>
    </datafield>
    <datafield tag="655" ind1=" " ind2="7">
      <subfield code="a">Controversial literature</subfield>
      <subfield code="2">fast</subfield>
    </datafield>
    <datafield tag="700" ind1="1" ind2=" ">
      <subfield code="a">Schmidt, Johann,</subfield>
      <subfield code="d">active 1561-1596,</subfield>
      <subfield code="e">printer.</subfield>
      <subfield code="4">prt</subfield>
      <subfield code="1">https://id.oclc.org/worldcat/entity/E39PCjCkr7qc8yRQhGqwtGqBWC</subfield>
    </datafield>
    <datafield tag="700" ind1="1" ind2=" ">
      <subfield code="a">Feyerabend, Sigmund,</subfield>
      <subfield code="d">1528-1590,</subfield>
      <subfield code="e">publisher,</subfield>
      <subfield code="e">dedicator.</subfield>
      <subfield code="4">pbl</subfield>
      <subfield code="4">dto</subfield>
      <subfield code="1">https://id.oclc.org/worldcat/entity/E39PBJd3JFPtyF9Wmmvrr7ppT3</subfield>
    </datafield>
    <datafield tag="700" ind1="1" ind2=" ">
      <subfield code="a">Braun, Stephan,</subfield>
      <subfield code="e">dedicatee.</subfield>
      <subfield code="4">dte</subfield>
    </datafield>
    <datafield tag="752" ind1=" " ind2=" ">
      <subfield code="a">Germany</subfield>
      <subfield code="d">Frankfurt am Main,</subfield>
      <subfield code="e">publication place.</subfield>
      <subfield code="4">pup</subfield>
    </datafield>
    <datafield tag="758" ind1=" " ind2=" ">
      <subfield code="i">has work:</subfield>
      <subfield code="a">Hausbuch, des Weitberumbten Hochgelehrten Herrn, in heiliger Schrifft, Erasmi Sarcerii, darein die reine unverfelschte Christliche Lehr dess Evangelii und dargegen der Papisten Lehr und Glauben, kürtzlich verfasset etc (Text)</subfield>
      <subfield code="1">https://id.oclc.org/worldcat/entity/E39PCGFKFgY34cP74YHW3xyHkC</subfield>
      <subfield code="4">https://id.oclc.org/worldcat/ontology/hasWork</subfield>
    </datafield>
  </record>